000 00215 a2200097 4500
001 43448
100 _aShakspeare
245 _aThe Merchent of Venice
260 _aLondon
_bGinn & Co. Ltd
_c
090 _c27270
_d27270
942 _aNUST-CAE
_cM
_c19192
999 _c278521
_d278521